Simu Liu Filmography - Statistics

General Stats
  • This quiz has been taken 7 times
    4 since last reset
  • The average score is 3 of 16
Answer Stats
Year Movie % Correct
2023 Barbie
100%
2021 Shang-Chi and the Legend of the Ten Rings
100%
TBD Grand Death Lotto
25%
2024 Last Breath
25%
2013 Pacific Rim
25%
TBD Shang-Chi 2
25%
2015 Antisocial 2
0%
2024 Arthur the King
0%
2024 Atlas
0%
2021 Bright: Samurai Swords
0%
2017 Kill Order
0%
2023 One True Loves
0%
2018 Seven in Heaven
0%
2012 Sick: Survive the Night
0%
2023 Simulant
0%
2021 Women Is Losers
0%
No matching quizzes found
Score Distribution
Percent of People with Each Score
Percentile by Number Answered
Your Score History
You have not taken this quiz since the last reset